|
|
|
|
| LEADER |
00000nam a22000007a 4500 |
| 008 |
201217b ||||| |||| 00| 0 eng d |
| 020 |
|
|
|a 978-0-12-416971-5
|
| 100 |
|
|
|a KALLNER, Anders
|
| 245 |
|
|
|a Laboratory statistics
|b Handbook of formulas and terms
|c Anders Kallner
|g 139p
|
| 260 |
|
|
|b Elsevier
|c 2014
|d Books
|h Waltham USA
|i 683810
|l QA41 .K12
|m Mathematical notation.
|m Mathematics - Terminology
|
| 942 |
|
|
|a lcc
|c BK
|e Ogunmilade F.T.
|f 17/12/2020
|
| 952 |
|
|
|0 0
|1 0
|2 lcc
|4 0
|6 QA0041 K12
|7 0
|9 713
|a HOL
|b HOL
|c QZ
|d 2020-12-17
|l 0
|o QA41 .K12
|p 695825 - 695831
|r 2020-12-17 00:00:00
|w 2020-12-17
|y BK
|
| 999 |
|
|
|c 406
|d 406
|